Central Library OPAC University of Rajshahi

English philosophy since 1900 / (Record no. 31309)

MARC details
000 -LEADER
fixed length control field 00792cam a22002531 4500
001 - CONTROL NUMBER
control field 31309
003 - CONTROL NUMBER IDENTIFIER
rucl marc code BD-RjUL
005 - DATE AND TIME OF LATEST TRANSACTION
control field 20211209051702.0
008 - FIXED-LENGTH DATA ELEMENTS--GENERAL INFORMATION
fixed length control field 140415s19631958enk b 001 0 eng
035 ## - SYSTEM CONTROL NUMBER
System control number (BD-RjUL)31396
040 ## - CATALOGING SOURCE
Original cataloging agency DLC
Transcribing agency DLC
Modifying agency DLC
-- ICU
Language of cataloging eng
041 ## - LANGUAGE CODE
Language code of text/sound track or separate title eng
082 00 - DEWEY DECIMAL CLASSIFICATION NUMBER
Classification number 192
Author mark and year WAE 1963
100 1# - MAIN ENTRY--PERSONAL NAME
Personal name Warnock, G. J.
Fuller form of name (Geoffrey James),
Dates associated with a name 1923-
9 (RLIN) 2889
245 10 - TITLE STATEMENT
Title English philosophy since 1900 /
Statement of responsibility, etc. G. J. Warnock
260 ## - PUBLICATION, DISTRIBUTION, ETC. (IMPRINT)
Place of publication, distribution, etc. London :
-- New York :
Name of publisher, distributor, etc. Oxford University Press,
Date of publication, distribution, etc. C1958 [reprinting 1963]
300 ## - PHYSICAL DESCRIPTION
Pagination 180 p. ;
Size 17 cm.
504 ## - BIBLIOGRAPHY, ETC. NOTE
Bibliography, etc Includes index
650 #0 - SUBJECT ADDED ENTRY--TOPICAL TERM
Topical term or geographic name as entry element Philosophy, English
Chronological subdivision 20th century.
9 (RLIN) 95277
942 ## - ADDED ENTRY ELEMENTS (KOHA)
Source of classification or shelving scheme Dewey Decimal Classification
Koha item type Books
Holdings
Lost status Source of classification or shelving scheme Damaged status Not for loan Collection code Permanent Location Current Location Shelving location Date acquired Source of acquisition Cost, normal purchase price Total Checkouts Full call number Date last seen Copy number Koha item type
  Dewey Decimal Classification     Non-fiction Central Library, University of Rajshahi Central Library, University of Rajshahi   14/05/1968 Zeitlinger 12.60   192 WAE 1963 15/04/2014 C-10 Books
  Dewey Decimal Classification     Non-fiction Central Library, University of Rajshahi Central Library, University of Rajshahi   30/04/1964 Zeitlinger 10.60   192 WAE 1961 15/04/2014 C-5 Books
  Dewey Decimal Classification     Non-fiction Central Library, University of Rajshahi Central Library, University of Rajshahi   18/02/1963 Zetlinger 10.60   192 WAE 1961 16/04/2014 C-2 Books
  Dewey Decimal Classification     Non-fiction Central Library, University of Rajshahi Central Library, University of Rajshahi   18/02/1963 Zetlinger 10.60   192 WAE 1961 16/04/2014 C-8 Books
  Dewey Decimal Classification     Non-fiction Central Library, University of Rajshahi Central Library, University of Rajshahi   18/02/1963 Zetlinger 10.60   192 WAE 1963 16/04/2014 C-9 Books
  Dewey Decimal Classification     Non-fiction Central Library, University of Rajshahi Central Library, University of Rajshahi   30/04/1964 Zetlinger 10.60   192 WAE 1961 16/04/2014 C-4 Books
  Dewey Decimal Classification     Non-fiction Central Library, University of Rajshahi Central Library, University of Rajshahi   30/04/1964 Zetlinger 10.60   192 WAE 1961 16/04/2014 C-3 Books
  Dewey Decimal Classification     Non-fiction Central Library, University of Rajshahi Central Library, University of Rajshahi   30/04/1964 Zetlinger 10.60   192 WAE 1961 16/04/2014 C-6 Books
  Dewey Decimal Classification     Non-fiction Central Library, University of Rajshahi Central Library, University of Rajshahi   23/01/1965 Zetlinger 10.60   192 WAE 1961 16/04/2014 C-7 Books
  Dewey Decimal Classification   Not For Loan Non-fiction Central Library, University of Rajshahi Central Library, University of Rajshahi Reading Room 23/11/1976 Md. Moozzem Hossen Dept of philosophy 32.00   192 WAE 1969 23/04/2014 C-1 Books